Find the Green Things (Blitz) Quiz Stats

 Plays Quiz Updated Jan 3, 2018

Score 0/22 Timer 01:00
11 Plays Today
% Correct
Broccoli
93.2%
Peas
93.1%
Pool Table
93.1%
Dollar Bill
93%
Starbucks Logo
92.9%
Apple
92.8%
Maple Leaf
92.7%
Green Giant
92.7%
Wellington
Boots
92.2%
The Very
Hungry Caterpillar
92.2%
Flag of Pakistan
92.2%
% Correct
Hose
91.8%
Kermit the Frog
91.5%
Grass
89.6%
Oscar
the Grouch
89.4%
Chameleon
89.3%
Australian Green
Tree Frog
88.4%
Shamrock
87%
Mike
Wazowski
85.7%
Jade
85.6%
Bulbasaur
81%
Yoshi
79.3%

You're not logged in!

Compare scores with friends on all Sporcle quizzes.
OR
Log In

You Might Also Like...

Show Comments

Extras

Top Quizzes Today


Score Distribution

Your Account Isn't Verified!

In order to create a playlist on Sporcle, you need to verify the email address you used during registration. Go to your Sporcle Settings to finish the process.

Report this User

Report this user for behavior that violates our Community Guidelines.

Details: